000 00839nam a2200301 a 4500
001 20895
003 VRT
005 20260206142651.0
008 950616s1990 xr g 000 1 cze c
020 _a802060037X
_c17.00
035 _aUKB000057787
039 9 _a201207120815
_bgluc
040 _aBAA001
_bslo
_cBAA001
_eAACR2
041 1 _acze
_hpol
044 _axr
_cCZ
080 _a884-311.6 JANICKI,J.03
100 1 _aJanicki, Jerzy,
_d1928-2007
245 1 0 _aOsudné křižovatky
_cJerzy Janicki ; z pol. orig. přel. Josef Vlásek
260 _aPraha
_bNaše vojsko
_c1990
300 _a222 s.
490 1 _aEso
_vsv. 105
653 _a884-311.6 JANICKI,J.03
830 0 _aEso
_vsv. 105
910 _aukb
942 _2ddc
_cKLDO
_n0
949 _657787-10
_a30.D.33192
_bPV.4633-90
949 _657787-20
_aBO.D.09511
_bPV.4634-90
999 _c20895
_d20895